[Event "DVM U12 2023"]
[Site "Magdeburg GER"]
[Date "2023.12.30"]
[Round "7"]
[White "Sriram, Aumkar"]
[Black "Splitt, Albert"]
[Result "1-0"]
[Termination "normal"]
[Board "6.4"]
[WhiteElo "1191"]
[BlackElo "1213"]
[WhiteClock "00:34:39"]
[BlackClock "00:28:34"]
[WhiteTeam "SV 1947 Walldorf"]
[BlackTeam "Barnimer SF im SV Stahl Finow"]
[PlyCount "119"]
[WhiteFideId "33460477"]
[BlackFideId "34602879"]
[EventCountry "GER"]
[EventRounds "7"]
[EventType "team-swiss"]
[EventDate "2023.12.26"]

1. e4 {[%clk 01:30:59]} e5 {[%clk 01:30:31]} {[%emt 00:00:29]} 2. Nf3 {[%clk
01:31:20]} {[%emt 00:00:10]} Nc6 {[%clk 01:30:35]} {[%emt 00:00:26]} 3. d4
{[%clk 01:31:33]} {[%emt 00:00:16]} exd4 {[%clk 01:29:49]} {[%emt 00:01:16]} 4.
Nxd4 {[%clk 01:31:41]} {[%emt 00:00:21]} Bc5 {[%clk 01:29:39]} {[%emt
00:00:41]} 5. Nb3 {[%clk 01:31:53]} {[%emt 00:00:18]} Bb6 {[%clk 01:27:53]}
{[%emt 00:02:16]} 6. Nc3 {[%clk 01:32:03]} {[%emt 00:00:19]} Nf6 {[%clk
01:25:15]} {[%emt 00:03:09]} 7. Qe2 {[%clk 01:31:57]} {[%emt 00:00:34]} d6
{[%clk 01:16:32]} {[%emt 00:09:15]} 8. f3 {[%clk 01:31:00]} {[%emt 00:01:26]}
O-O {[%clk 01:14:04]} {[%emt 00:04:03]} 9. Be3 {[%clk 01:27:03]} {[%emt
00:03:22]} Bxe3 {[%clk 01:08:25]} {[%emt 00:06:11]} 10. Qxe3 {[%clk 01:27:12]}
{[%emt 00:00:21]} Re8 {[%clk 01:08:14]} {[%emt 00:00:41]} 11. O-O-O {[%clk
01:27:07]} {[%emt 00:00:34]} Bd7 {[%clk 01:05:06]} {[%emt 00:03:39]} 12. g4
{[%clk 01:27:02]} {[%emt 00:00:36]} Be6 {[%clk 00:58:14]} {[%emt 00:07:21]} 13.
h4 {[%clk 01:24:41]} {[%emt 00:02:48]} Qe7 {[%clk 00:48:32]} {[%emt 00:10:15]}
14. h5 {[%clk 01:23:24]} {[%emt 00:01:44]} Ne5 {[%clk 00:39:24]} {[%emt
00:09:41]} 15. g5 {[%clk 01:17:55]} {[%emt 00:05:55]} Nfd7 {[%clk 00:37:15]}
{[%emt 00:02:41]} 16. Be2 {[%clk 01:14:59]} {[%emt 00:03:27]} Nb6 {[%clk
00:34:18]} {[%emt 00:03:26]} 17. f4 {[%clk 01:08:52]} {[%emt 00:06:36]} Nc6
{[%clk 00:32:21]} {[%emt 00:02:29]} 18. f5 {[%clk 01:06:53]} {[%emt 00:02:28]}
Bxf5 {[%clk 00:30:34]} {[%emt 00:02:18]} 19. Bf3 {[%clk 01:05:19]} {[%emt
00:02:02]} Nc4 {[%clk 00:29:31]} {[%emt 00:01:35]} 20. Qe2 {[%clk 01:00:27]}
{[%emt 00:05:17]} Qxg5+ {[%clk 00:25:43]} {[%emt 00:04:23]} 21. Kb1 {[%clk
00:57:32]} {[%emt 00:03:22]} Be6 {[%clk 00:24:51]} {[%emt 00:01:25]} 22. Rdg1
{[%clk 00:56:11]} {[%emt 00:01:42]} Qf6 {[%clk 00:23:24]} {[%emt 00:02:05]} 23.
Rg3 {[%clk 00:50:57]} {[%emt 00:05:30]} N6e5 {[%clk 00:19:28]} {[%emt
00:04:40]} 24. Rhg1 {[%clk 00:46:52]} {[%emt 00:04:30]} g6 {[%clk 00:19:12]}
{[%emt 00:00:52]} 25. hxg6 {[%clk 00:46:28]} {[%emt 00:00:54]} hxg6 {[%clk
00:19:27]} {[%emt 00:00:16]} 26. Rf1 {[%clk 00:42:12]} {[%emt 00:04:35]} Qh4
{[%clk 00:18:24]} {[%emt 00:01:43]} 27. Rfg1 {[%clk 00:41:34]} {[%emt
00:01:05]} Nxf3 {[%clk 00:17:50]} {[%emt 00:01:06]} 28. Qxf3 {[%clk 00:37:59]}
{[%emt 00:04:05]} Ne5 {[%clk 00:17:20]} {[%emt 00:01:01]} 29. Qe3 {[%clk
00:34:01]} {[%emt 00:04:26]} Kg7 {[%clk 00:15:37]} {[%emt 00:02:16]} 30. Qf2
{[%clk 00:31:00]} {[%emt 00:03:30]} Rh8 {[%clk 00:14:39]} {[%emt 00:01:29]} 31.
Nd5 {[%clk 00:29:12]} {[%emt 00:02:15]} Bxd5 {[%clk 00:14:02]} {[%emt
00:01:09]} 32. exd5 {[%clk 00:29:25]} {[%emt 00:00:16]} b6 {[%clk 00:13:43]}
{[%emt 00:00:49]} 33. Rf1 {[%clk 00:28:53]} {[%emt 00:01:00]} Raf8 {[%clk
00:13:14]} {[%emt 00:01:01]} 34. a3 {[%clk 00:27:19]} {[%emt 00:02:04]} f5
{[%clk 00:12:45]} {[%emt 00:00:59]} 35. Nd4 {[%clk 00:24:46]} {[%emt 00:03:02]}
Rf6 {[%clk 00:11:10]} {[%emt 00:02:06]} 36. Nxf5+ {[%clk 00:21:49]} {[%emt
00:03:26]} Rxf5 {[%clk 00:10:40]} {[%emt 00:01:01]} 37. Qxf5 {[%clk 00:21:33]}
{[%emt 00:00:46]} Qe7 {[%clk 00:04:38]} {[%emt 00:06:33]} 38. Qg5 {[%clk
00:19:49]} {[%emt 00:02:10]} Qxg5 {[%clk 00:03:33]} {[%emt 00:01:40]} 39. Rxg5
{[%clk 00:20:05]} {[%emt 00:00:13]} Nc4 {[%clk 00:03:53]} {[%emt 00:00:09]} 40.
Kc1 {[%clk 00:19:26]} {[%emt 00:01:08]} Ne3 {[%clk 00:03:46]} {[%emt 00:00:38]}
41. Rfg1 {[%clk 00:19:10]} {[%emt 00:00:42]} Rh6 {[%clk 00:04:02]} {[%emt
00:00:18]} 42. b3 {[%clk 00:18:32]} {[%emt 00:01:05]} Kf6 {[%clk 00:04:07]}
{[%emt 00:00:27]} 43. Kd2 {[%clk 00:17:48]} {[%emt 00:01:10]} Nf5 {[%clk
00:04:20]} {[%emt 00:00:22]} 44. R5g2 {[%clk 00:18:01]} {[%emt 00:00:14]} Nd4
{[%clk 00:03:25]} {[%emt 00:01:27]} 45. Rf2+ {[%clk 00:16:09]} {[%emt
00:02:21]} Kg7 {[%clk 00:03:33]} {[%emt 00:00:22]} 46. Kd3 {[%clk 00:15:08]}
{[%emt 00:01:28]} c5 {[%clk 00:03:26]} {[%emt 00:00:42]} 47. dxc6 {[%clk
00:14:27]} {[%emt 00:01:10]} Nxc6 {[%clk 00:03:48]} {[%emt 00:00:08]} 48. Rfg2
{[%clk 00:13:10]} {[%emt 00:01:47]} Ne5+ {[%clk 00:02:09]} {[%emt 00:02:09]}
49. Ke4 {[%clk 00:11:42]} {[%emt 00:01:49]} Rh4+ {[%clk 00:01:03]} {[%emt
00:01:47]} 50. Kd5 {[%clk 00:10:19]} {[%emt 00:01:50]} Rh5 {[%clk 00:01:14]}
{[%emt 00:00:21]} 51. Kxd6 {[%clk 00:09:35]} {[%emt 00:01:14]} Rf5 {[%clk
00:00:49]} {[%emt 00:00:55]} 52. Ke6 {[%clk 00:07:46]} {[%emt 00:02:17]} Rh5
{[%emt 00:01:33]} 53. Rg5 {[%clk 00:07:01]} {[%emt 00:00:08]} Rxg5 {[%emt
00:00:49]} 54. Rxg5 {[%clk 00:06:10]} {[%emt 00:01:20]} Nf3 {[%clk 00:00:42]}
{[%emt 00:00:25]} 55. Rd5 {[%clk 00:05:36]} {[%emt 00:01:03]} Ne1 {[%clk
00:30:21]} {[%emt 00:00:53]} 56. Rd7+ {[%clk 00:35:52]} {[%emt 00:00:13]} Kh6
{[%clk 00:30:16]} {[%emt 00:00:36]} 57. Rxa7 {[%clk 00:35:56]} {[%emt
00:00:25]} Nxc2 {[%clk 00:30:22]} {[%emt 00:00:23]} 58. Ke5 {[%clk 00:35:49]}
{[%emt 00:00:38]} g5 {[%clk 00:29:07]} {[%emt 00:01:45]} 59. a4 {[%clk
00:35:03]} {[%emt 00:01:13]} g4 {[%clk 00:28:34]} {[%emt 00:01:06]} 60. Kf4
{[%clk 00:34:39]} {[%emt 00:00:49]} 1-0

[Event "DVM U12 2023"]
[Site "Magdeburg GER"]
[Date "2023.12.30"]
[Round "7"]
[White "Meitzner, Jonathan Franz"]
[Black "Vlach, Ludwig"]
[Result "1-0"]
[Termination "normal"]
[Board "7.1"]
[WhiteElo "1409"]
[BlackElo "1363"]
[WhiteClock "01:24:16"]
[BlackClock "01:00:35"]
[WhiteTeam "1. Eichsfelder SC"]
[BlackTeam "SG Trier 1877"]
[PlyCount "51"]
[WhiteFideId "34616110"]
[BlackFideId "4007344"]
[EventCountry "GER"]
[EventRounds "7"]
[EventType "team-swiss"]
[EventDate "2023.12.26"]

1. e4 {[%clk 01:30:55]} {[%emt 00:00:04]} e6 {[%clk 01:30:55]} {[%emt
00:00:06]} 2. d4 {[%clk 01:31:18]} {[%emt 00:00:07]} d5 {[%clk 01:31:20]}
{[%emt 00:00:05]} 3. Nd2 {[%clk 01:31:41]} {[%emt 00:00:08]} dxe4 {[%clk
01:31:40]} {[%emt 00:00:09]} 4. Nxe4 {[%clk 01:32:01]} {[%emt 00:00:09]} Nd7
{[%clk 01:32:06]} {[%emt 00:00:05]} 5. Nf3 {[%clk 01:32:23]} {[%emt 00:00:07]}
Ngf6 {[%clk 01:32:27]} {[%emt 00:00:09]} 6. Nxf6+ {[%clk 01:32:40]} {[%emt
00:00:13]} Nxf6 {[%clk 01:32:48]} {[%emt 00:00:10]} 7. g3 {[%clk 01:32:31]}
{[%emt 00:00:39]} Bd6 {[%clk 01:33:05]} {[%emt 00:00:13]} 8. Bg2 {[%clk
01:32:38]} {[%emt 00:00:23]} b6 {[%clk 01:31:49]} {[%emt 00:01:46]} 9. Ne5
{[%clk 01:25:49]} {[%emt 00:07:20]} Nd5 {[%clk 01:30:40]} {[%emt 00:01:40]} 10.
c4 {[%clk 01:26:00]} {[%emt 00:00:19]} f6 {[%clk 01:23:57]} {[%emt 00:07:13]}
11. Qh5+ {[%clk 01:25:40]} {[%emt 00:00:49]} g6 {[%clk 01:22:11]} {[%emt
00:03:30]} 12. Nxg6 {[%clk 01:25:57]} Kd7 {[%clk 01:21:09]} {[%emt 00:00:31]}
13. Nxh8 {[%clk 01:25:57]} {[%emt 00:00:30]} Qxh8 {[%clk 01:20:17]} {[%emt
00:01:22]} 14. Qf7+ {[%clk 01:25:34]} {[%emt 00:00:52]} Be7 {[%clk 01:19:34]}
{[%emt 00:01:13]} 15. cxd5 {[%clk 01:25:46]} {[%emt 00:00:20]} Rb8 {[%clk
01:16:53]} {[%emt 00:03:10]} 16. dxe6+ {[%clk 01:24:50]} {[%emt 00:01:26]} Kd8
{[%clk 01:17:00]} {[%emt 00:00:23]} 17. O-O {[%clk 01:23:34]} {[%emt 00:01:46]}
Bb7 {[%clk 01:03:28]} {[%emt 00:14:03]} 18. Bxb7 {[%emt 00:00:48]} Rxb7 {[%clk
01:03:46]} {[%emt 00:00:11]} 19. Bf4 {[%clk 01:22:33]} {[%emt 00:01:12]} h5
{[%clk 01:01:16]} {[%emt 00:03:01]} 20. Rac1 {[%clk 01:22:37]} {[%emt
00:00:26]} c5 {[%clk 01:01:24]} {[%emt 00:00:23]} 21. dxc5 {[%emt 00:00:22]}
bxc5 {[%clk 01:01:31]} {[%emt 00:00:21]} 22. Rxc5 {[%clk 01:22:53]} {[%emt
00:00:24]} Bxc5 {[%clk 01:00:56]} {[%emt 00:01:04]} 23. Qxb7 {[%clk 01:23:17]}
{[%emt 00:00:06]} Bxf2+ {[%clk 01:00:04]} {[%emt 00:01:22]} 24. Rxf2 {[%clk
01:23:38]} {[%emt 00:00:09]} Qe8 {[%clk 01:00:13]} {[%emt 00:00:21]} 25. Rd2+
{[%clk 01:23:52]} {[%emt 00:00:17]} Qd7 {[%clk 01:00:35]} {[%emt 00:00:08]} 26.
Qxd7# {[%clk 01:24:16]} {[%emt 00:00:06]} 1-0

[Event "DVM U12 2023"]
[Site "Magdeburg GER"]
[Date "2023.12.30"]
[Round "7"]
[White "Classen, Marnin"]
[Black "Meitzner, Johan Eduard"]
[Result "1-0"]
[Termination "normal"]
[Board "7.2"]
[WhiteElo "1383"]
[BlackElo "1383"]
[WhiteClock "01:05:30"]
[BlackClock "00:18:19"]
[WhiteTeam "SG Trier 1877"]
[BlackTeam "1. Eichsfelder SC"]
[PlyCount "97"]
[WhiteFideId "34623833"]
[BlackFideId "34623612"]
[EventCountry "GER"]
[EventRounds "7"]
[EventType "team-swiss"]
[EventDate "2023.12.26"]

1. e4 {[%clk 01:30:57]} {[%emt 00:00:02]} c5 {[%clk 01:30:57]} {[%emt
00:00:03]} 2. Nf3 {[%clk 01:31:19]} {[%emt 00:00:09]} d6 {[%clk 01:31:24]}
{[%emt 00:00:03]} 3. d4 {[%clk 01:31:42]} {[%emt 00:00:06]} cxd4 {[%clk
01:31:50]} {[%emt 00:00:04]} 4. Nxd4 {[%clk 01:32:07]} {[%emt 00:00:06]} Nf6
{[%clk 01:32:18]} {[%emt 00:00:02]} 5. Nc3 {[%clk 01:32:28]} {[%emt 00:00:08]}
a6 {[%clk 01:32:45]} {[%emt 00:00:03]} 6. Bc4 {[%clk 01:32:42]} {[%emt
00:00:17]} e6 {[%clk 01:32:48]} {[%emt 00:00:27]} 7. f3 {[%clk 01:33:01]}
{[%emt 00:00:10]} b5 {[%clk 01:31:24]} {[%emt 00:01:54]} 8. Bb3 {[%clk
01:32:21]} {[%emt 00:01:10]} Nbd7 {[%clk 01:27:11]} {[%emt 00:04:41]} 9. Be3
{[%clk 01:29:06]} {[%emt 00:03:46]} Nc5 {[%clk 01:25:14]} {[%emt 00:02:25]} 10.
Qd2 {[%clk 01:28:18]} {[%emt 00:01:20]} Bd7 {[%clk 01:24:21]} {[%emt 00:01:22]}
11. O-O-O {[%clk 01:28:33]} {[%emt 00:00:18]} Be7 {[%clk 01:21:55]} {[%emt
00:02:54]} 12. g4 {[%clk 01:28:43]} {[%emt 00:00:19]} Rb8 {[%clk 01:21:01]}
{[%emt 00:01:22]} 13. Nce2 {[%clk 01:22:38]} {[%emt 00:06:38]} a5 {[%clk
01:19:40]} {[%emt 00:01:49]} 14. c3 {[%clk 01:20:58]} {[%emt 00:02:13]} Qc7
{[%clk 01:11:34]} {[%emt 00:08:35]} 15. Bc2 {[%clk 01:21:13]} {[%emt 00:00:16]}
b4 {[%clk 01:06:43]} {[%emt 00:05:21]} 16. cxb4 {[%clk 01:21:31]} {[%emt
00:00:11]} axb4 {[%clk 01:05:59]} {[%emt 00:01:16]} 17. Kb1 {[%clk 01:21:42]}
{[%emt 00:00:18]} Qa7 {[%clk 01:01:52]} {[%emt 00:04:34]} 18. Bb3 {[%clk
01:20:58]} {[%emt 00:01:17]} e5 {[%clk 00:51:27]} {[%emt 00:10:55]} 19. Nc2
{[%clk 01:16:51]} {[%emt 00:04:38]} Nxb3 {[%clk 00:51:24]} {[%emt 00:00:33]}
20. axb3 {[%clk 01:17:09]} {[%emt 00:00:12]} Qa5 {[%clk 00:49:53]} {[%emt
00:01:47]} 21. Nc1 {[%clk 01:15:39]} {[%emt 00:02:13]} Be6 {[%clk 00:49:36]}
{[%emt 00:00:46]} 22. h4 {[%emt 00:02:17]} d5 {[%clk 00:43:25]} {[%emt
00:06:36]} 23. g5 {[%clk 01:10:43]} {[%emt 00:03:44]} d4 {[%clk 00:38:53]}
{[%emt 00:05:02]} 24. gxf6 {[%clk 01:09:19]} {[%emt 00:01:55]} dxe3 {[%clk
00:39:10]} {[%emt 00:00:13]} 25. fxg7 {[%clk 01:09:30]} {[%emt 00:00:19]} Rg8
{[%clk 00:38:02]} {[%emt 00:01:38]} 26. Qxe3 {[%clk 01:08:47]} {[%emt
00:01:14]} Rxg7 {[%clk 00:37:40]} {[%emt 00:00:52]} 27. Rhg1 {[%clk 01:09:03]}
{[%emt 00:00:14]} Rxg1 {[%clk 00:33:02]} {[%emt 00:05:07]} 28. Rxg1 {[%clk
01:07:36]} {[%emt 00:01:58]} Bc5 {[%clk 00:31:37]} {[%emt 00:01:53]} 29. Rg8+
{[%clk 01:07:43]} {[%emt 00:00:25]} Kd7 {[%clk 00:31:39]} {[%emt 00:00:26]} 30.
Qd2+ {[%clk 01:08:06]} {[%emt 00:00:10]} Kc7 {[%clk 00:32:01]} {[%emt
00:00:07]} 31. Rxb8 {[%clk 01:08:14]} {[%emt 00:00:22]} Kxb8 {[%clk 00:32:23]}
{[%emt 00:00:08]} 32. Nd3 {[%clk 01:08:17]} {[%emt 00:00:27]} Bxb3 {[%clk
00:31:28]} {[%emt 00:01:26]} 33. Ncxb4 {[%clk 01:08:38]} {[%emt 00:00:09]} Bxb4
{[%clk 00:26:46]} {[%emt 00:05:10]} 34. Qxb4+ {[%clk 01:06:59]} {[%emt
00:02:10]} Qxb4 {[%clk 00:27:09]} {[%emt 00:00:07]} 35. Nxb4 {[%clk 01:07:25]}
{[%emt 00:00:04]} Kc7 {[%clk 00:27:02]} {[%emt 00:00:36]} 36. Kc1 {[%clk
01:07:49]} {[%emt 00:00:07]} Kd6 {[%clk 00:27:15]} {[%emt 00:00:13]} 37. Kd2
{[%clk 01:08:15]} {[%emt 00:00:09]} Kc5 {[%clk 00:27:22]} {[%emt 00:00:15]} 38.
Nd3+ {[%clk 01:08:37]} {[%emt 00:00:16]} Kd4 {[%clk 00:27:22]} {[%emt
00:00:27]} 39. Nb4 {[%clk 01:07:40]} {[%emt 00:01:29]} Kc5 {[%clk 00:27:13]}
{[%emt 00:00:36]} 40. Nd3+ {[%clk 01:06:46]} {[%emt 00:01:28]} Kd4 {[%clk
00:27:37]} {[%emt 00:00:05]} 41. Ne1 {[%clk 01:07:06]} {[%emt 00:00:10]} Ba4
{[%clk 00:25:51]} {[%emt 00:02:13]} 42. Ng2 {[%clk 01:06:51]} {[%emt 00:00:49]}
f5 {[%clk 00:19:48]} {[%emt 00:06:33]} 43. exf5 {[%clk 01:04:42]} {[%emt
00:02:39]} e4 {[%clk 00:19:43]} {[%emt 00:00:35]} 44. fxe4 {[%clk 01:05:04]}
{[%emt 00:00:08]} Kxe4 {[%clk 00:19:31]} {[%emt 00:00:41]} 45. Ne3 {[%clk
01:05:25]} {[%emt 00:00:10]} Bb5 {[%clk 00:18:29]} {[%emt 00:01:25]} 46. b4
{[%clk 01:05:33]} {[%emt 00:00:29]} Bc6 {[%clk 00:18:32]} {[%emt 00:00:16]} 47.
f6 {[%clk 01:05:36]} {[%emt 00:00:39]} Be8 {[%clk 00:18:52]} {[%emt 00:00:06]}
48. b5 {[%clk 01:05:33]} {[%emt 00:00:36]} Ke5 {[%clk 00:18:19]} {[%emt
00:01:03]} 49. b6 {[%clk 01:05:30]} {[%emt 00:00:32]} 1-0

[Event "DVM U12 2023"]
[Site "Magdeburg GER"]
[Date "2023.12.30"]
[Round "7"]
[White "Löffelholz, Simon"]
[Black "Sharma, Devesh"]
[Result "0-1"]
[Termination "normal"]
[Board "7.3"]
[WhiteElo "1271"]
[BlackElo "1037"]
[WhiteClock "00:31:41"]
[BlackClock "00:49:17"]
[WhiteTeam "1. Eichsfelder SC"]
[BlackTeam "SG Trier 1877"]
[PlyCount "50"]
[WhiteFideId "34623620"]
[BlackFideId "34652477"]
[EventCountry "GER"]
[EventRounds "7"]
[EventType "team-swiss"]
[EventDate "2023.12.26"]

1. d4 {[%clk 01:30:59]} d5 {[%clk 01:30:42]} {[%emt 00:00:18]} 2. Bf4 {[%clk
01:31:20]} {[%emt 00:00:09]} Nf6 {[%clk 01:30:54]} {[%emt 00:00:17]} 3. e3
{[%clk 01:31:33]} {[%emt 00:00:18]} c6 {[%clk 01:31:18]} {[%emt 00:00:06]} 4.
Nf3 {[%clk 01:31:42]} {[%emt 00:00:20]} e6 {[%clk 01:31:26]} {[%emt 00:00:23]}
5. Nbd2 {[%clk 01:31:37]} {[%emt 00:00:35]} Nbd7 {[%clk 01:31:43]} {[%emt
00:00:13]} 6. Bd3 {[%clk 01:31:46]} {[%emt 00:00:21]} Be7 {[%clk 01:31:59]}
{[%emt 00:00:15]} 7. c3 {[%clk 01:31:59]} {[%emt 00:00:18]} O-O {[%clk
01:32:15]} {[%emt 00:00:13]} 8. h3 {[%clk 01:32:13]} {[%emt 00:00:16]} b6
{[%clk 01:32:22]} {[%emt 00:00:23]} 9. O-O {[%clk 01:32:24]} {[%emt 00:00:18]}
Bb7 {[%clk 01:32:46]} {[%emt 00:00:06]} 10. Qe2 {[%clk 01:30:10]} {[%emt
00:02:44]} c5 {[%clk 01:29:49]} {[%emt 00:03:28]} 11. Bc2 {[%clk 01:29:15]}
{[%emt 00:01:24]} Rc8 {[%clk 01:26:55]} {[%emt 00:03:25]} 12. Rfe1 {[%clk
01:29:28]} {[%emt 00:00:17]} Re8 {[%clk 01:25:58]} {[%emt 00:01:26]} 13. Ne5
{[%clk 01:23:19]} {[%emt 00:07:44]} Nxe5 {[%clk 01:16:24]} {[%emt 00:08:59]}
14. Bxe5 {[%clk 01:20:43]} {[%emt 00:03:06]} Bd6 {[%clk 01:16:44]} {[%emt
00:00:10]} 15. Nf3 {[%clk 01:18:53]} {[%emt 00:02:22]} Qc7 {[%clk 01:12:54]}
{[%emt 00:04:19]} 16. Bxf6 {[%clk 01:13:34]} {[%emt 00:05:49]} gxf6 {[%clk
01:12:38]} {[%emt 00:00:46]} 17. g3 {[%clk 01:04:16]} {[%emt 00:09:47]} Kh8
{[%clk 01:10:42]} {[%emt 00:02:26]} 18. Nh2 {[%clk 01:03:33]} {[%emt 00:01:11]}
Rg8 {[%clk 01:08:09]} {[%emt 00:03:05]} 19. Ng4 {[%clk 01:01:41]} {[%emt
00:02:22]} f5 {[%clk 01:07:06]} {[%emt 00:01:34]} 20. Nh2 {[%clk 00:56:12]}
{[%emt 00:05:59]} Ba6 {[%clk 00:57:31]} {[%emt 00:10:05]} 21. Qd2 {[%clk
00:49:55]} {[%emt 00:06:47]} f4 {[%clk 00:52:17]} {[%emt 00:05:45]} 22. Kh1
{[%clk 00:45:33]} {[%emt 00:04:51]} fxg3 {[%clk 00:50:56]} {[%emt 00:01:51]}
23. Ng4 {[%clk 00:34:28]} {[%emt 00:11:35]} g2+ {[%emt 00:02:03]} 24. Kg1
{[%clk 00:32:31]} {[%emt 00:02:23]} h5 {[%clk 00:49:07]} {[%emt 00:00:51]} 25.
Nf6 {[%clk 00:31:41]} {[%emt 00:01:20]} Bh2# {[%clk 00:49:17]} {[%emt
00:00:19]} 0-1